|
|
|
|
| LEADER |
01483nam a2200421Ia 4500 |
| 001 |
EBC894231 |
| 003 |
MiAaPQ |
| 005 |
20200520144314.0 |
| 006 |
m o d | |
| 007 |
cr cn||||||||| |
| 008 |
120720s2012 caua sb 001 0 eng d |
| 010 |
|
|
|z 2012026748
|
| 020 |
|
|
|z 9781118147825 (cloth)
|
| 020 |
|
|
|z 9781118225851
|
| 035 |
|
|
|a (MiAaPQ)EBC894231
|
| 035 |
|
|
|a (Au-PeEL)EBL894231
|
| 035 |
|
|
|a (CaPaEBR)ebr10604354
|
| 035 |
|
|
|a (CaONFJC)MIL395821
|
| 035 |
|
|
|a (OCoLC)801681576
|
| 040 |
|
|
|a MiAaPQ
|c MiAaPQ
|d MiAaPQ
|
| 050 |
|
4 |
|a HD30.27
|b .S68 2012
|
| 082 |
0 |
4 |
|a 658.4/0355
|2 23
|
| 100 |
1 |
|
|a Sommers, Cecily,
|d 1961-
|
| 245 |
1 |
0 |
|a Think like a futurist
|h [electronic resource] :
|b know what changes, what doesn't, and what's next /
|c Cecily Sommers.
|
| 250 |
|
|
|a 1st ed.
|
| 260 |
|
|
|a San Francisco :
|b Jossey-Bass,
|c c2012.
|
| 300 |
|
|
|a xvi, 254 p. :
|b ill.
|
| 504 |
|
|
|a Includes bibliographical references and index.
|
| 533 |
|
|
|a Electronic reproduction. Ann Arbor, MI : ProQuest, 2015. Available via World Wide Web. Access may be limited to ProQuest affiliated libraries.
|
| 650 |
|
0 |
|a Business forecasting.
|
| 650 |
|
0 |
|a Strategic planning.
|
| 650 |
|
0 |
|a Diffusion of innovations.
|
| 650 |
|
0 |
|a New products.
|
| 650 |
|
0 |
|a Creative thinking.
|
| 650 |
|
0 |
|a Organizational change.
|
| 655 |
|
4 |
|a Electronic books.
|
| 710 |
2 |
|
|a ProQuest (Firm)
|
| 856 |
4 |
0 |
|u https://ebookcentral.proquest.com/lib/matrademy/detail.action?docID=894231
|z Click to View
|